书目信息 |
| 书名: | Metal alkoxides | |
| 作者: | D.C. Bradley, R.C. Mehrotra, and D.P. Gaur | |
| 分册号: | ||
| 分册名: | 出版地: | London ; |
|
| 出版社: | Academic Press | |
| 出版时间: | 1978. | |
| 页数: | viii, 411 p. : | |
| 开本: | 24 cm. | |
| 丛书名: | ||
| 中图分类号: | ||
| 科图分类号: | ||
| 其他分类号: | O614:H31 | |
| 主题词: | ||
| 电子资源: | ||
| 000 | 01041nam 2200313 a 4500 | |
| 001 | E0752325426 | |
| 005 | 20070301143241.64 | |
| 008 | 00110 eng | |
| 008 | uu | |
| 010 | @a77071810 //r912 | |
| 015 | @aGB*** | |
| 020 | @a0121242501. | |
| 040 | @aDLC @cDLC @dDLC | |
| 049 | @aN5LA | |
| 050 | 00 | @aQD412.O1 @bB7 |
| 082 | 00 | @a546/.3 |
| 090 | @a2/O634/BDC///////////*919170-1/2cop./493757/cop.3 | |
| 090 | @aO614:H31 | |
| 096 | @aO634 @v2 | |
| 099 | @dO614:H31@ex2 | |
| 100 | 10 | @aBradley, D. C. |
| 245 | 10 | @aMetal alkoxides / @cD.C. Bradley, R.C. Mehrotra, and D.P. Gaur |
| 260 | 0 | @aLondon ;@aNew York :@bAcademic Press,@c1978. |
| 300 | @aviii, 411 p. :@bill. ;@c24 cm. | |
| 504 | @aIncludes bibliographical references and indexes. | |
| 650 | 0 | @aAlkoxides. |
| 700 | 10 | @aMehrotra, R. C. @q(Ram Charan), @d1922- @ejoint author. |
| 700 | 10 | @aGaur, D. P. @ejoint author. @b00 @c20020930 @lNLC09 @h2247 @b00 @c20021019 @lNLC09 @h1535 @lNLC09 @h2314 @lNLC09 @h1905 |
| 852 | 9 | @bWWJC @cJ08S @k2 @hO634 @iBDC |
| Metal alkoxides / / D.C. Bradley, R.C. Mehrotra, and D.P. Gaur.-London ; ; New York : : Academic Press, , 1978. |
| viii, 411 p. : : ill. ; ; 24 cm. |
| Includes bibliographical references and indexes. |
| ISBN 0121242501. |
| ● |
| 相关链接 |
|
|
|
|
正题名:Metal alkoxides
索取号:O614:H31/x2
 
预约/预借
| 序号 | 登录号 | 条形码 | 馆藏地/架位号 | 状态 | 备注 |
| 1 | 49687 | 000636850 | 第四借阅区/ [索取号:O614:H31/x2] | 在馆 |